00833cam a22002771 4500001001300000003000400013005001700017008004100034010001700075035002000092040001800112042001200130043001200142050001600154100002000170245006900190260001100259300003200270490004600302500001600348502003300364504003800397650004700435650002700482830004600509sa 65010159 DLC20260227112206.0891005s1965 ii b 000 0 kano  asa 65010159  a(OCoLC)20445409 aDLCcWaUdDLC apremarc aa-ii---00aPL4650b.S81 aSunkapur, M. S.10aKannaḍa sāhityadalli hāsya.bHumour in Kannada literature. c[1965] a16, 356, 4, xiii p.c26 cm.1 aKarnatak University. Research series,v6 aIn Kannada. aThesis--Karnatak Unviersity. aBibliography: p. [1]-4 (3d group) 0aKannada literaturexHistory and criticism. 0aKannada wit and humor. 0aKarnatak University research series ;v6.